Sanat - "Suvivirsi" - Statistics

Yleistilastot
  • Tätä visaa on pelattu 65 kertaa
  • Keskiarvotulos 65 / 148
Vastaustilastot
Vastaus % Oikein
ja
100%
Jo
100%
suloinen
100%
suvi
100%
aika
98%
armas
98%
joutui
98%
koristaa
97%
kukkanen
97%
joka
95%
kauniisti
95%
paikkaa
95%
se
92%
luo
86%
luopi
86%
auringon
84%
lämpö
84%
taas
84%
Taas
84%
uudeks
84%
elohon
83%
suo
81%
luonnon
79%
suopi
79%
kutsuu
78%
Jumala
71%
niityt
71%
laiho
70%
laaksossa
68%
nyt
68%
vihannoivat
68%
sen
67%
meille
59%
metsän
59%
puut
59%
huminoivat
57%
hyvyyttäs
57%
muistuttaapi
57%
lehtiverhossa
56%
linnut
56%
siunaustaan
54%
vuodelta
54%
vuosi
54%
Ei
52%
herran
52%
on
52%
kansa
51%
kiittäisi
51%
kun
49%
luojaansa
49%
eikö
48%
laulujansa
48%
visertää
48%
hän
46%
julistaapi
43%
herraa
41%
ihmeitäs
41%
kiitä
41%
laupias
41%
ain
40%
kuorohon
38%
liitä
38%
38%
armon
37%
myös
37%
sielu
35%
äänes
32%
sielun
30%
sieluni
29%
mun
27%
Jeesus
19%
niin
19%
sun
17%
vain
16%
valo
16%
Oi
14%
kristus
13%
saa
13%
kirkas
11%
kuin
11%
uusi
11%
jalo
10%
liekki
10%
Maan
10%
meihin
10%
murheemme
10%
pois
10%
poista
10%
rakkautes
10%
sulle
10%
sytytä
10%
armos
8%
luonamme
8%
mieli
8%
mulle
8%
paisteemme
8%
rintaamme
8%
asu
6%
autuas
6%
Libanon
6%
lilja
6%
meren
6%
paistaa
6%
saaronin
6%
sydäntemme
6%
vertaistasi
6%
anna
5%
antaa
5%
henkes
5%
kantaa
5%
kaste
5%
kaunistuksen
5%
keväisen
5%
lahjat
5%
lahjojas
5%
maistaa
5%
runsaasti
5%
saanut
5%
sanassas
5%
Siionin
5%
sille
5%
siunauksestas
5%
suloisuutta
5%
tarpeemme
5%
virvoituksen
5%
Ehtoja vastaavia visoja ei löytynyt
Tulosjakauma
Jokaisen tuloksen saaneiden osuus
Persentiili vastausten määrän mukaan
Tuloshistoriasi
Et ole pelannut tätä visaa